Sports Quiz

Random Sports Quiz

Heavyweight judo olympic champions Quiz Stats

Quiz not verified by Sporcle

Challenge
Share
Tweet
Embed
Score 0/11 Timer 05:00
0 Plays Today
year name % Correct
1996David Douillet
81.6%
2000David Douillet
81.6%
2004Keiji Suzuki
52.6%
2008Satoshi Ishii
48.7%
1980Angelo Parisi
40.8%
1972Wim Ruska
36.8%
1984Hitoshi Saito
27.6%
1988Hitoshi Saito
27.6%
1976Sergey Novikov
22.4%
1992David Khakhaleichvili
19.7%
1964Isao Inokuma
2.6%

You're not logged in!

Compare scores with friends on all Sporcle quizzes.
Join for Free
OR
Log In

You Might Also Like...

Show Comments

Extras

Top Quizzes Today


Score Distribution

Your Account Isn't Verified!

In order to create a playlist on Sporcle, you need to verify the email address you used during registration. Go to your Sporcle Settings to finish the process.

Report this User

Report this user for behavior that violates our Community Guidelines.

Details: